000
00283 a2200085 4500
020
_a
9788119314881
100
_a
Amit Srivastava (Architect), Peter Scriver
245
_a
Kuldip Singh, Mahendra Raj National Cooperative Development Corporation, New Delhi
260
_b
Arthshila Trust
_c
2023
999
_c
13417
_d
13417